| 000 | 00561nam a2200205 i 4500 | ||
|---|---|---|---|
| 001 | 58196 | ||
| 003 | ES-MaACL | ||
| 005 | 20230906163739.0 | ||
| 007 | t| | ||
| 008 | 031021s1973 sp ||||1| gao d | ||
| 100 | 1 |
_aDurán, Carlos. _946172 |
|
| 245 | 1 | 2 |
_aA teima / _cCarlos Durán ; ilustracions de Siro. |
| 260 |
_a[Vigo] : _bGalaxia, _c[1973] |
||
| 300 |
_a126 p., 7 lám. ; _c19 cm. |
||
| 490 | 1 |
_aIlla nova ; _v22 |
|
| 700 | 0 |
_aSiro. _9106682 |
|
| 830 | 0 |
_aIlla nova ; _v22 _9183495 |
|
| 852 |
_aES-MaACL _jC-52882 _bR.86191 |
||
| 999 |
_c58196 _d58196 |
||